| 000 | 01008nam a22003497a 4500 | ||
|---|---|---|---|
| 001 | 0002714 | ||
| 003 | KOHA_MİRAKIL | ||
| 005 | 20260207001318.0 | ||
| 007 | ta | ||
| 008 | 090305b2001 tu |||gr||||#||||0|tur | | ||
| 020 | _a9755912819 | ||
| 040 |
_aTR-BiSEU _btur _cTR-BiSEU _erda |
||
| 041 | 0 | _atur | |
| 044 | _ctu | ||
| 050 |
_aHF5681 _b.T53 2001 |
||
| 100 | 1 | _aAtabey, N. Ata. | |
| 245 | 0 |
_aTicaret ve muhasebe belgeleri : _bön muhasebe/ _cRaif Parlakkaya, Fahri Kurşunel, Ali Alagöz. |
|
| 264 | 1 |
_aAnkara : _bNobel Yayın Dağıtım _c2001 |
|
| 300 | _a[VIII], 236 sayfa: tablo | ||
| 336 |
_ametin _btxt _2rdacontent |
||
| 337 |
_aaracısız _bn _2rdamedia |
||
| 338 |
_acilt _bnc _2rdacarrier |
||
| 490 | 1 |
_aNobel yayın ; _vno. |
|
| 490 | 1 | _a302. | |
| 500 | _aKaynakça var. | ||
| 650 | 0 |
_aMali tablolar. _96446 |
|
| 650 | 0 |
_aŞirketler Muhasebe. _96515 |
|
| 650 | 0 |
_aRuhsatname Türkiye. _97306 |
|
| 830 | 1 |
_aNobel yayın ; _vno. _91510 |
|
| 830 | 1 |
_a302. _97307 |
|
| 942 |
_2lcc _cBK |
||
| 999 |
_c2701 _d2701 |
||